=LDR 00000nam 2200000 4500 =001 INLIS000000000021370 =005 20130612120232 =008 ***********************************Ind** =035 ##$$0010-061300000021370 =041 ##$$a Ind =082 ##$$a 658.409 =090 ##$$a 658.409, Dru m =100 ##$$a Drucker, Peter F =245 ##$$a Manajemen Mencapai Hasil , Tugas Ekonomi dan Keputusan yang Mengandung Risiko, Peter F. Drucker; Penerjemah, Frans Hendra =250 ##$$a Seri Manajemen No. 21 =260 ##$$a 1970 $b Jakarta =300 ##$$a 6avii, 250 hlm, Ilus, 21 cm =650 ##$$a Manajemen Kepemimpinan =700 ##$$a Hendra, Frans =850 ##$$a NBPNMAT